000 00816nam a22002537a 4500
003 PE SENCICO BE
005 20251020182637.0
008 230519b |||||||| |||| 00| 0 eng d
020 _a978-612-45549-5-7
040 _aPE SENCICO BE
_cPE SENCICO BE
041 _aspa
082 _a658.4012
_bC3P
110 1 _9726
_aCentro Nacional de Planeamiento Estratégico (Perú)
245 1 _aPlan bicentenario :
_bel Perú hacia el 2021 resumen ejecutivo /
_cCentro Nacional de Planeamiento Estratégico
250 _a1a ed.
260 _aLima :
_bCEPLAN,
_c2010
300 _a90 p. :
_bil. ;
_c20 cm.
650 1 4 _9731
_aPlanificación estratégica
650 2 4 _9728
_aDesarrollo económico y social
650 2 4 _9732
_aPolítica económica
651 1 0 _9661
_aPerú
910 _bhfp
_chfp
942 _2ddc
_cLIB
999 _c4163
_d4163